| 000 | 00766aam a2200253 4500 | ||
|---|---|---|---|
| 005 | 20250729160952.0 | ||
| 008 | 150727b1991 xxu||||| |||| 00| 0 spa d | ||
| 041 | _aESP | ||
| 082 | _a333.72 Ch431i | ||
| 100 | _aChacón Vega, Isabel María | ||
| 245 | _aIntroducción a la problemática ambiental costarricense: principios básicos y posibles soluciones | ||
| 260 | _aCosta Rica | ||
| 260 | _bEUNED | ||
| 260 | _c1991 | ||
| 300 | _a220 páginas | ||
| 490 | _aTurismo | ||
| 650 | _aPROTECCIÓN DEL MEDIO AMBIENTE | ||
| 650 | _aCONSERVACIÓN DE LOS RECURSOS NATURALES | ||
| 650 | _aECOLOGÍA | ||
| 650 | _aEXPLOTACIÓN DE LOS RECURSOS NATURALES | ||
| 650 | _aUSO NO ADECUADO DE LA TIERRA | ||
| 650 | _aCONSERVACIÓN DEL AMBIENTE | ||
| 942 |
_cBK _2ddc |
||
| 999 |
_c367 _d367 |
||